FC St. Pauli Kader 25/26 - Statistiken

Allgemein
  • Dieses Quiz wurde 74 mal gespielt
  • Das Durchschnittsergebnis liegt bei 16 aus 29
Antwortstatistiken
Rückennummer Position Spieler % Korrekt
7 ZM Jackson Irvine
93%
22 TW Nikola Vasilj
89%
8 IV Eric Smith
87%
5 IV Hauke Wahl
76%
23 LV Louis Oppie
71%
2 RV Manolis Saliakas
71%
19 ST Martijn Kaars
69%
1 TW Ben Voll
67%
16 ZM Joel Chima Fujita
67%
10 ZOM Danel Sinani
65%
24 ZM Connor Metcalfe
64%
3 IV Karol Mets
62%
25 IV Adam Dzwigala
60%
28 LF Mathias Pereira Lage
60%
17 RF Oladapo Afolayan
58%
27 ST Andréas Hountondji
56%
11 RV Arkadiusz Pyrka
56%
6 ZDM James Sands
56%
26 ST Ricky-Jade Jones
55%
4 IV David Nemeth
53%
21 LV Lars Ritzka
53%
9 ST Abdoulie Ceesay
51%
44 ZM Nick Schmidt
36%
42 ZDM Marwin Schmitz
35%
14 RV Fin Stevens
29%
34 IV Jannik Robatsch
27%
30 TW Simon Spari
25%
20 ZM Erik Ahlstrand
20%
38 LF Romeo Aigbekaen
9%
Keine übereinstimmenden Quizze gefunden
Verteilung der Resultate
Anzahl Personen mit jedem Resultat
Perzentil nach korrekt beantworteten Fragen
Ihre Resultats-Entwicklung
Sie haben dieses Quiz noch nicht gespielt